000 00389nam a22000857a 4500
100 _aPhilip, S.
245 _aColony PCR
260 _bIn: Recent Advances in Molecular Biology and Biotechnology: DBT Skill Vigyan State Partnership Programme Faculty Training 2024. (Comp. C. Bindu Roy). 6-19 March 2024, Rubber Research Institute of India, Kottayam, India, pp. 147-148. Lab Manual
942 _cAR
999 _c75452
_d75452